Spider silk: evolution and 400 million years of spinning, waiting, snagging, and mating (Record no. 76708)
[ view plain ]
| 000 -LEADER | |
|---|---|
| fixed length control field | 00976nam a2200217 a 4500 |
| 008 - FIXED-LENGTH DATA ELEMENTS--GENERAL INFORMATION | |
| fixed length control field | 150605s2010 ||||||||||||||||| || u |
| 020 ## - INTERNATIONAL STANDARD BOOK NUMBER | |
| International Standard Book Number | 9780300149227 |
| 050 ## - LIBRARY OF CONGRESS CALL NUMBER | |
| Classification number | QL 459 Bru |
| 100 ## - MAIN ENTRY--PERSONAL NAME | |
| Personal name | Craig, Catherine L |
| 245 10 - TITLE STATEMENT | |
| Title | Spider silk: evolution and 400 million years of spinning, waiting, snagging, and mating |
| Statement of responsibility, etc. | by Leslie Brunetta and Catherine L. Craig |
| 260 ## - PUBLICATION, DISTRIBUTION, ETC. | |
| Place of publication, distribution, etc. | London: |
| Name of publisher, distributor, etc. | Yale University Press |
| Date of publication, distribution, etc. | 2010 |
| 300 ## - PHYSICAL DESCRIPTION | |
| Extent | xvi, 229p.: ill. |
| 350 ## - | |
| -- | 36.49 |
| 650 ## - SUBJECT ADDED ENTRY--TOPICAL TERM | |
| Topical term or geographic name entry element | SPIDERS--ANATOMY |
| 650 ## - SUBJECT ADDED ENTRY--TOPICAL TERM | |
| Topical term or geographic name entry element | SPIDERS, FOSSIL |
| 650 ## - SUBJECT ADDED ENTRY--TOPICAL TERM | |
| Topical term or geographic name entry element | SPIDERS--EVOLUTION |
| 650 ## - SUBJECT ADDED ENTRY--TOPICAL TERM | |
| Topical term or geographic name entry element | SPIDER WEBS |
| 700 ## - ADDED ENTRY--PERSONAL NAME | |
| Personal name | Brunetta, Leslie |
| 995 ## - | |
| -- | MAIN LIBRARY OPEN ACCESS |
| -- | 745574 |
| -- | CBU-MAIN LIBRARY (Kitwe) |
| -- | 36.49 |
| -- | QL 459 Bru |
| -- | 1 |
| -- | AVAILABLE |
| -- | Aug 20, 2015 |
| -- | 745574 |
| -- | Main Library Open Access Collection |
| 995 ## - | |
| -- | MICHAEL CHILUFYA SATA OPEN ACCESS |
| -- | 903157 |
| -- | CBU-SCHOOL OF MEDICINE LIBRARY (Ndola) |
| -- | 36.49 |
| -- | QL 459 Bru |
| -- | 2 |
| -- | AVAILABLE |
| -- | Aug 20, 2015 |
| -- | 903157 |
| -- | Medical Library Open Access Collection |
| 999 ## - | |
| -- | 76708 |
| -- | 76708 |
| Withdrawn status | Lost status | Source of classification or shelving scheme | Damaged status | Not for loan | Permanent Location | Current Location | Shelving location | Date acquired | Total Checkouts | Full call number | Barcode | Date last seen | Copy number | Price effective from | Koha item type |
|---|---|---|---|---|---|---|---|---|---|---|---|---|---|---|---|
| CBU-MAIN LIBRARY, KITWE. | CBU-MAIN LIBRARY, KITWE. | 04/25/2023 | QL 459 Bru | 745574 | 04/25/2023 | 1 | 04/25/2023 | MONOGRAPH | |||||||
| CBU-MICHAEL CHILUFYA SATA LIBRARY | CBU-MICHAEL CHILUFYA SATA LIBRARY | 04/25/2023 | QL 459 Bru | 903157 | 04/25/2023 | 2 | 04/25/2023 | MONOGRAPH |